01295nam a22001697a 4500003000900000005001700009008004100026040001300067100002100080245003500101250000600136260002000142300002000162490001800182500008700200520083800287IT-RoPau20220918181218.0131207b xxu||||| |||| 00| 0 eng d cIT-RoPau aSimonetto, Bruno aIl Magnificat di Don Alberione aI aRomabSSPc2004 a147 pp. c21 cm aEd. San Paolo aQuesto libro è€ un supplemento al giornale "Madre di Dio" della Famiglia Paolina. aIndice Prefazione I. Trilogia del Magnificat alberoniano II. La "Via humanitatis" III. La Via humanitatis nella struttura e iconografia del Santuario Regina degli Apostoli IV. L'istanza alberoniana a Paolo VI sulla Maternità€ universale di Maria V. Maria "Summa humanitatis" e "forma humanitatis" VI. La mariologia alberoniana come "fatto di vita" VII. Orazione per la Dedicazione del Santuario Regina Apostolorum Preghiere a Maria del Beato Giacomo Alberione VIII. Coroncina alla Regina degli Apostoli IX. Il Santo Rosario X. Affidamento a Maria per tutte le vocazioni XI. Quattro formule di "Consacrazione a Maria" XII. Coroncina alla "Madre del Buon Pastore" XIII. A Maria SS.ma Annunziata. A san Gabriele Arcangelo XIV. A Maria SS.ma per la Buona Stampa XV. Mater Dei: preghiera di celluloide XVI. Preghiere brevi Postfazione